000 00972nam a2200289 i 4500
001 000029316
003 DO-SdBNP
005 20250611085709.0
007 ta
008 250611s200? dr 000 0 spa d
040 _aDO-SdBNP
_bspa
_cBNPHU
_erda
041 _hspa
082 4 _axxx
_bM953
_222
110 _956201
111 _aPonencia de la Mujer
_cSanto Domingo, Auditorio Principal Universidad Iberoamericana
_d(19 de junio, 5 : 30 P:M)
_985253
245 0 3 _aMujer :
_bderechos y salud pública /
_cModerado por Edith Febles
264 _aSanto Domingo :
_bUnibe,
_cfecha no identificado
300 _a5 páginas :
_bilustraciones ;
_c29 cm.
336 _2rdacontent
_atexto
_btxt
337 _2rdamedia
_asin mediación
_bnc
338 _2rdacarrier
_avolumen
_bn
590 _aInventariado, 2025/DG
650 4 _aDerechos de la mujer
_xAmérica Latina
_985254
650 4 _aMujeres
_xSalud e higiene
_zAmérica Latina
_985255
910 _aDG
942 _2ddc
_cLF2
999 _c59213
_d59213